The theory of determinants, matrices, and invariants /
Guardado en:
| Autor Principal: | |
|---|---|
| Formato: | Libro |
| Idioma: | English |
| Publicado: |
New York :
Dover,
c1960.
|
| Edición: | 3rd ed. |
| Etiquetas: |
Agregar Etiqueta
Sin Etiquetas, Sea el primero en etiquetar este registro!
|
| LEADER | 00651nam a22001695a 4500 | ||
|---|---|---|---|
| 001 | MAT.inmabb001139 | ||
| 008 | 031120s1960####nyu###########000#0#eng#d | ||
| 005 | 20130430161939.0 | ||
| 245 | 1 | 4 | |a The theory of determinants, matrices, and invariants / |c by H. W. Turnbull. |
| 250 | |a 3rd ed. | ||
| 260 | |a New York : |b Dover, |c c1960. | ||
| 300 | |a xviii, 374 p. ; |c 21 cm. | ||
| 500 | |a "Revised version of the second edition, originally published in 1945, to which has been added a new Preface and Appendix." | ||
| 510 | 4 | |a MR, |c 24 #A123 | |
| 100 | 1 | |a Turnbull, H. W. |q (Herbert Westren), |d 1885-1961. | |
| 084 | |a 15-01 |2 msc2000 | ||
| 859 | |h 15 |i T942-3 |p A-1145 |b BIB. MATEMATICA | ||
